| 000 | 00740nam a2200229Ia 4500 | ||
|---|---|---|---|
| 003 | OSt | ||
| 005 | 20220927105742.0 | ||
| 006 | a|||||r|||| 00| 0 | ||
| 007 | ta | ||
| 008 | 220926b |||||||| |||| 00| 0 eng d | ||
| 024 | _a203223 | ||
| 037 | _cReference Collections | ||
| 040 |
_aRTL _cRTL _beng |
||
| 041 |
_2eng _aeng |
||
| 082 | _a"Y:5:5(Y2).2, P8/GD" | ||
| 100 |
_a"INDIA, HEALTH AND FAMILY WELFARE (Ministry of-)" _9374744 |
||
| 245 | 0 | _aStandard operating procedures for fertilization services in camps | |
| 260 |
_aNew _b"Delhi, UNFPA, " _c2008 |
||
| 300 |
_a42p. _ccm. |
||
| 942 |
_h"Y:5:5(Y2).2, P8/GD" _cCC |
||
| 999 |
_c694403 _d694403 |
||